My tryst with justice / (Record no. 93310)

MARC details
000 -LEADER
fixed length control field 00629nam a22001937a 4500
005 - DATE AND TIME OF LATEST TRANSACTION
control field 20150623121000.0
010 ## - LCCN (DPL NO)
LC control number ENG-112861
020 ## - INTERNATIONAL STANDARD BOOK NUMBER
Terms of availability 425.00
International Standard Book Number 9789350352700
035 ## - SYSTEM CONTROL NUMBER
System control number EN-96393
037 ## - SOURCE OF ACQUISITION
Source of stock number/acquisition DBAD/PUB
082 ## - DEWEY DECIMAL CLASSIFICATION NUMBER
Classification number 347.54014092
100 ## - MAIN ENTRY--PERSONAL NAME
Personal name Bhagwati, P.N.
245 ## - TITLE STATEMENT
Title My tryst with justice /
Statement of responsibility, etc by P.N. Bhagwati ; foreworded by Salman Khurshid
260 ## - PUBLICATION, DISTRIBUTION, ETC. (IMPRINT)
Place of publication, distribution, etc New Delhi
Name of publisher, distributor, etc Universal Law Publishing
Date of publication, distribution, etc 2013
270 ## - ADDRESS
Address C-FF-1A, Dilkhush Industrial Estate, G.T. Karnal Road,
City Delhi
Postal code 110033
300 ## - PHYSICAL DESCRIPTION
Extent xviii, 205p.
Dimensions 24cm(Hb)
500 ## - GENERAL NOTE
General note Includes index
942 ## - ADDED ENTRY ELEMENTS (KOHA)
Source of classification or shelving scheme Dewey Decimal Classification
Item type English Books
Call number suffix BHA
Classification part 347.54014092
Holdings
Withdrawn status Lost status Not for loan Collection code Home library Current library Date acquired Source of acquisition Cost, normal purchase price Full call number Barcode Copy number Cost, replacement price Koha item type
    Not For Loan Non-fiction D.B.Act.Division D.B.Act.Division 05/05/2015 DBAD/PUB 425.00 347.54014092 BHA EN-96393 1 425.00 English Books

© Delhi Public Library
Hit Counter
free hit counter